| 000 | 00640nam a22002177a 4500 | ||
|---|---|---|---|
| 999 |
_c7251 _d7251 |
||
| 003 | OSt | ||
| 005 | 20190930164316.0 | ||
| 008 | 190930s2017 sp ||||| |||||0|| 0 spa|d | ||
| 017 |
_aDL M 22340-2017 _bOficina DL Madrid |
||
| 020 | _a9788441538894 | ||
| 040 |
_aES-BaUB _bcat _cCDMR |
||
| 100 | 1 |
_aRivas, Rodrigo, _eautor |
|
| 245 | 1 | 0 |
_aFotografía de calle _b: memoria de la ciudad / _cRodrigo Rivas |
| 260 |
_aMadrid : _bEdiciones Anaya Multimedia, _c[2017] |
||
| 300 |
_a302 p. : _bil ; _c24 cm |
||
| 500 | _aInclou Índex | ||
| 650 | 4 |
_aFotografia _93096 |
|
| 650 | 4 |
_aFotografia documental _93095 |
|
| 650 | 4 | _aVida urbana | |
| 942 | _cMON | ||